Serie A players 2023/24 - Statistics

General Stats
  • This quiz has been taken 11 times
  • The average score is 295 of 590
Answer Stats
Rank Player Positions Nationality Matches Goals Assists Clubs % Correct
292 Aarón Martín DF 22 0 1
100%
8 Adam Marušić DF 37 1 0
100%
129 Ademola Lookman MF, FW 31 11 7
100%
47 Albert Guðmundsson MF, FW 35 14 4
100%
169 Alessio Romagnoli DF 29 0 0
100%
132 Alex Meret GK 31 0 0
100%
154 Amir Rrahmani DF 30 3 0
100%
63 Andrea Cambiaso DF, FW 34 2 3
100%
49 Andrea Consigli GK 35 0 0
100%
64 Andre-Frank Zambo Anguissa MF 34 0 2
100%
51 Antonio Sanabria MF, FW 35 5 0
100%
109 Arkadiusz Milik FW 32 4 1
100%
9 Armand Lauriente FW 37 5 4
100%
10 Berat Djimsiti DF 37 0 1
100%
11 Bryan Cristante DF, MF 37 3 4
100%
29 Christian Pulisic DF, MF, FW 36 12 8
100%
134 Ciro Immobile FW 31 7 1
100%
110 Cyril Ngonge MF, FW 32 7 2
100%
173 Daichi Kamada MF, FW 29 2 2
100%
174 Danilo DF, MF 29 1 1
100%
111 Dan Ndoye MF, FW 32 1 1
100%
112 Darko Lazović DF, MF, FW 32 3 2
100%
175 Davide Calabria DF 29 1 3
100%
113 Davide Frattesi MF 32 6 3
100%
135 Davide Zappacosta DF, MF 31 2 1
100%
136 Denzel Dumfries DF 31 4 4
100%
360 Domenico Berardi MF, FW 17 9 3
100%
86 Dušan Vlahović FW 33 16 4
100%
13 Duván Zapata FW 37 13 4
100%
30 Éderson MF 36 6 1
100%
137 Edoardo Bove DF, MF 31 0 2
100%
31 Enzo Barrenechea MF 36 0 1
100%
14 Federico Baschirotto DF 37 0 1
100%
156 Federico Dimarco DF, MF 30 5 6
100%
114 Federico Gatti DF 32 4 0
100%
3 Felipe Anderson MF, FW 38 5 6
100%
235 Fikayo Tomori DF 26 4 0
100%
177 Filip Kostić DF, FW 29 0 4
100%
312 Filippo Terracciano DF, MF 21 0 1
100%
4 Gabriele Zappa DF 38 1 3
100%
32 Gianluca Mancini DF, MF 36 4 1
100%
180 Gianluca Scamacca FW 29 12 6
100%
140 Gian Marco Ferrari DF 31 1 0
100%
33 Giovanni Di Lorenzo DF, FW 36 1 6
100%
199 Giovanni Simeone FW 28 1 0
100%
34 Gleison Bremer DF 36 3 0
100%
115 Hakan Çalhanoğlu MF, FW 32 13 3
100%
35 Henrikh Mkhitaryan MF, FW 36 2 8
100%
141 Ivan Ilić MF 31 3 2
100%
157 Ivan Provedel GK 30 0 0
100%
36 Josep Martinez GK 36 0 0
100%
70 Khvicha Kvaratskhelia FW 34 11 6
100%
91 Lautaro Martínez MF, FW 33 24 3
100%
72 Lazar Samardzic MF, FW 34 6 2
100%
18 Lorenzo Montipò GK 37 0 1
100%
184 Lorenzo Pellegrini MF 29 8 3
100%
338 Luca Pellegrini DF, MF 19 1 0
100%
187 Lucas Martínez Quarta DF 29 5 1
100%
93 Luis Alberto MF, FW 33 5 7
100%
117 Łukasz Skorupski GK 32 0 0
100%
37 Manuel Locatelli MF 36 1 4
100%
55 Marcus Thuram MF, FW 35 13 7
100%
74 Mario Pašalić MF, FW 34 6 6
100%
319 Mário Rui DF, MF 21 0 2
100%
158 Marten de Roon DF, MF 30 0 5
100%
40 Matìas Soulé MF, FW 36 11 3
100%
95 Mattéo Guendouzi MF 33 2 3
100%
20 Matteo Politano MF, FW 37 8 7
100%
96 M'Bala Nzola FW 33 3 3
100%
191 Mike Maignan GK 29 0 1
100%
340 Moise Kean FW 19 0 0
100%
23 Nicolò Barella MF 37 2 3
100%
56 Nikola Krstović FW 35 7 1
100%
77 Nikola Milenković DF 34 0 0
100%
100 Nikola Vlašić MF, FW 33 3 2
100%
78 Pablo Marí DF 34 0 0
100%
212 Paulo Dybala MF, FW 28 13 9
100%
101 Pedro MF, FW 33 1 1
100%
271 Pietro Pellegri FW 24 1 1
100%
102 Pietro Terracciano GK 33 0 0
100%
79 Rafael Leão MF, FW 34 9 9
100%
121 Remo Freuler MF 32 1 1
100%
103 Riccardo Orsolini MF, FW 33 10 2
100%
122 Romelu Lukaku FW 32 13 3
100%
194 Ruben Loftus-Cheek DF, MF, FW 29 6 1
100%
162 Sam Beukema DF 30 1 1
100%
106 Simone Romagnoli DF 33 1 1
100%
6 Stanislav Lobotka MF 38 0 1
100%
150 Stefano Turati GK 31 0 0
100%
80 Teun Koopmeiners DF, MF 34 12 5
100%
125 Theo Hernández DF 32 5 4
100%
44 Tijjani Reijnders MF 36 3 3
100%
164 Timothy Weah DF, FW 30 0 1
100%
60 Valentín Castellanos FW 35 4 3
100%
45 Vanja Milinković-Savić GK 36 0 0
100%
81 Weston McKennie DF, MF, FW 34 0 7
100%
7 Wladimiro Falcone GK 38 0 0
100%
62 Wojciech Szczęsny GK 35 0 0
100%
82 Yann Sommer GK 34 0 0
100%
367 Zeki Çelik DF 17 0 0
100%
196 Alessandro Bastoni DF 28 1 3
83%
131 Alessandro Florenzi DF, FW 31 1 4
83%
512 Alessio Cragno GK 3 0 0
83%
275 Alexis Sánchez MF, FW 23 2 5
83%
368 Alex Sandro DF, MF 16 1 0
83%
170 Andrea Belotti FW 29 6 2
83%
1 Andrea Colpani MF, FW 38 8 4
83%
2 Andrea Pinamonti FW 38 11 1
83%
50 Antonino Gallo DF 35 0 3
83%
277 Benjamin Pavard DF 23 0 2
83%
171 Caleb Ekuban MF, FW 29 4 1
83%
12 Carlos Augusto DF 37 0 3
83%
52 Charles De Ketelaere MF, FW 35 10 8
83%
172 Cristiano Biraghi DF, MF 29 2 5
83%
67 Dany Mota MF, FW 34 4 3
83%
176 Diego Llorente DF 29 1 1
83%
444 Dodô DF 9 0 0
83%
68 Domagoj Bradarić DF 34 0 3
83%
87 Emmanuel Gyasi DF, MF, FW 33 1 2
83%
311 Fabiano Parisi DF 21 0 1
83%
88 Federico Chiesa DF, MF, FW 33 9 2
83%
179 Francesco Acerbi DF 29 3 1
83%
15 Giacomo Raspadori MF, FW 37 5 3
83%
200 Gustav Isaksen FW 28 3 1
83%
281 Hans Hateboer DF, MF 23 0 1
83%
266 Jaka Bijol DF 24 0 0
83%
181 Jhon Lucumí DF 29 0 0
83%
182 Joan Gonzàlez MF 29 1 1
83%
16 Johan Vásquez DF 37 1 1
83%
69 Joshua Zirkzee FW 34 11 4
83%
267 Juan Jesus DF 24 1 0
83%
224 Kenan Yıldız MF, FW 27 2 0
83%
205 Lassana Coulibaly MF 28 0 1
83%
73 Leandro Paredes MF 34 3 5
83%
268 Leonardo Spinazzola DF, MF 24 1 2
83%
143 Lewis Ferguson MF, FW 31 6 3
83%
144 Liberato Cacace DF 31 0 1
83%
17 Lorenzo Lucca FW 37 8 4
83%
116 Lucas Beltrán MF, FW 32 6 2
83%
568 Mamadou Coulibaly MF 1 0 0
83%
39 Marin Pongračić DF 36 0 0
83%
318 Mario Gila DF 21 0 0
83%
228 Marko Arnautović MF, FW 27 5 3
83%
285 Mathías Olivera DF 23 1 1
83%
146 Matías Vecino MF, FW 31 6 1
83%
94 Matteo Darmian DF, MF 33 2 1
83%
19 Matteo Pessina MF, FW 37 6 3
83%
97 Michele Di Gregorio GK 33 0 0
83%
98 Milan Badelj MF 33 1 3
83%
385 Mile Svilar GK 15 0 0
83%
22 Morten Frendrup DF, MF 37 2 5
83%
270 Morten Thorsby MF 24 2 2
83%
192 Nicolás González MF, FW 29 12 2
83%
287 Nicolò Rovella MF 23 0 2
83%
210 Noah Okafor MF, FW 28 6 2
83%
254 Obite N'Dicka DF 25 0 3
83%
57 Olivier Giroud FW 35 15 8
83%
119 Ondrej Duda MF, FW 32 1 4
83%
211 Pasquale Mazzocchi DF 28 0 2
83%
331 Patric DF 20 2 0
83%
213 Paweł Dawidowicz DF 28 0 0
83%
214 Piotr Zieliński MF 28 3 2
83%
193 Rasmus Kristensen DF 29 1 1
83%
160 Răzvan Marin MF 30 0 3
83%
58 Ricardo Rodríguez DF, MF 35 1 2
83%
354 Rick Karsdorp DF, FW 18 0 2
83%
105 Rolando Mandragora MF 33 3 3
83%
290 Rui Patrício GK 23 0 0
83%
215 Ruslan Malinovskyi MF, FW 28 4 1
83%
123 Samuele Ricci MF 32 1 2
83%
163 Sead Kolašinac DF, MF 30 1 0
83%
5 Sebastiano Luperto DF 38 1 1
83%
376 Simone Bastoni DF, MF 16 1 0
83%
257 Stefan de Vrij DF 25 1 0
83%
149 Stefan Posch DF 31 1 2
83%
107 Stephan El Shaarawy DF, MF, FW 33 3 4
83%
465 Tammy Abraham FW 8 1 0
83%
246 Thomas Kristensen DF 26 0 1
83%
126 Tomáš Suslov MF, FW 32 3 5
83%
61 Valentino Lazaro DF, MF, FW 35 0 4
83%
259 Victor Osimhen FW 25 15 3
83%
46 Walid Cheddira FW 36 7 1
83%
274 Yacine Adli MF, FW 24 1 2
83%
83 Ylber Ramadani MF 34 1 0
83%
165 Yunus Musah MF, FW 30 0 2
83%
166 Zito Luvumbo MF, FW 30 4 5
83%
130 Adrien Rabiot MF 31 5 3
67%
48 Alberto Dossena DF 35 2 4
67%
217 Aleksei Miranchuk MF, FW 27 3 5
67%
168 Alessandro Buongiorno DF 29 3 0
67%
308 Alessandro Zanoli DF 21 0 2
67%
323 Alessio Zerbin DF, FW 20 0 1
67%
152 Alexis Saelemaekers DF, MF, FW 30 4 2
67%
153 Alfred Duncan MF 30 2 5
67%
108 Antoine Makoumbou MF 32 1 0
67%
276 Armando Izzo DF 23 0 0
67%
358 Boulaye Dia MF, FW 17 4 0
67%
278 Christian Kouamé FW 23 2 1
67%
263 Diego Coppola DF 24 2 0
67%
295 Eldor Shomurodov MF, FW 22 3 3
67%
279 Elia Caprile GK 23 0 0
67%
498 Emil Audero GK 4 0 0
67%
248 Fabio Miretti MF, FW 25 1 1
67%
178 Florian Thauvin MF, FW 29 5 3
67%
139 Giacomo Bonaventura MF, FW 31 8 3
67%
280 Gianluca Lapadula FW 23 3 1
67%
198 Giorgos Kyriakopoulos DF, FW 28 0 3
67%
313 Guillermo Ochoa GK 21 0 0
67%
328 Ismaël Bennacer MF 20 2 2
67%
239 Jens Cajuste MF 26 0 2
67%
298 Jesper Lindstrøm MF, FW 22 0 0
67%
202 Jonathan Ikone FW 28 3 1
67%
431 Juan Cuadrado DF, MF, FW 10 0 2
67%
422 Juan Musso GK 11 0 0
67%
348 Junior Messias DF, MF, FW 18 1 0
67%
329 Kaio Jorge MF, FW 20 3 0
67%
183 Koni De Winter DF 29 0 1
67%
71 Kristian Thorstvedt MF 34 6 1
67%
251 Leo Skiri Østigård DF 25 1 0
67%
380 Lorenzo De Silvestri DF, MF 15 2 0
67%
185 Luca Caldirola DF 29 1 1
67%
240 Luca Ranieri DF 26 2 1
67%
350 Luis Muriel MF, FW 18 2 1
67%
284 Luka Jović MF, FW 23 6 1
67%
317 Malick Thiaw DF 21 0 1
67%
227 Marco Carnesecchi GK 27 0 0
67%
145 Matheus Henrique MF 31 2 2
67%
75 Matteo Ruggeri DF, MF 34 0 4
67%
229 Mattia Bani DF 27 2 0
67%
207 Mattia Zaccagni MF, FW 28 6 1
67%
320 Maxime Lopez MF 21 0 0
67%
208 Mërgim Vojvoda DF, FW 28 0 3
67%
42 Michel Aebischer MF, FW 36 0 1
67%
21 Milan Đurić FW 37 9 2
67%
398 Mitchel Bakker DF, MF 14 1 0
67%
286 Mohamed Kaba MF 23 0 0
67%
341 Nadir Zortea DF, MF 19 2 5
67%
99 Nahitan Nández DF, MF 33 2 3
67%
209 Nedim Bajrami MF, FW 28 2 2
67%
43 Nehuén Pérez DF 36 0 0
67%
302 Nicola Zalewski DF, FW 22 0 1
67%
330 Nicolò Casale DF 20 0 0
67%
535 Papu Gómez MF, FW 2 0 0
67%
120 Patrick Dorgu DF, MF 32 2 0
67%
449 Pierre Kalulu DF 9 0 0
67%
437 Rade Krunić MF, FW 10 0 0
67%
353 Rafael Tolói DF 18 0 0
67%
25 Raoul Bellanova DF, FW 37 1 7
67%
147 Remi Oudin MF, FW 31 3 2
67%
230 Roberto Pereyra DF, MF, FW 27 4 3
67%
26 Roberto Piccoli FW 37 5 0
67%
195 Sandi Lovrić MF 29 1 3
67%
291 Sardar Azmoun MF, FW 23 3 0
67%
148 Simone Scuffet GK 31 0 0
67%
426 Tommaso Pobega MF 11 0 0
67%
27 Valentin Gendrey DF 37 2 3
67%
343 Abdou Harroui MF, FW 18 3 3
50%
321 Adam Masina DF 20 0 0
50%
218 Alessandro Deiola MF 27 1 0
50%
322 Alessandro Vogliacco DF 20 0 1
50%
309 Andrea Carboni DF 21 1 0
50%
345 Andrea Petagna FW 18 1 1
50%
369 Angeliño DF, FW 16 0 1
50%
310 Antonín Barák MF, FW 21 2 3
50%
65 Antonio Candreva DF, MF, FW 34 6 6
50%
234 Ardian Ismajli DF 26 0 0
50%
293 Charalambos Lykogiannis DF, FW 22 2 1
50%
401 Christian Kabasele DF 13 1 1
50%
155 Daniel Boloca MF 30 1 0
50%
359 Daniele Rugani DF 17 2 0
50%
197 Danilo Cataldi MF 28 1 0
50%
524 Diego Demme DF, MF 2 0 0
50%
416 El Bilal Touré FW 11 2 0
50%
417 Elif Elmas MF, FW 11 2 0
50%
296 Elseid Hysaj DF 22 0 0
50%
553 Enzo Ebosse DF 1 0 0
50%
138 Festy Ebosele DF 31 0 0
50%
393 Flavius Daniliuc DF 14 0 0
50%
528 Francesco Camarda FW 2 0 0
50%
325 Francesco Caputo FW 20 3 0
50%
89 Giangiacomo Magnani DF 33 0 0
50%
486 Gianluca Caprari MF, FW 6 0 0
50%
90 Giorgio Scalvini DF, MF 33 1 3
50%
327 Grégoire Defrel MF, FW 20 1 2
50%
236 Grigoris Kastanos DF, MF, FW 26 3 3
50%
237 Isak Hien DF 26 0 1
50%
430 Jens Odgaard MF, FW 10 2 0
50%
223 Jordan Zemura DF 27 1 0
50%
501 José Luis Palomino DF 4 0 0
50%
203 Josh Doig DF 28 0 2
50%
409 Jovane Cabral MF, FW 12 1 0
50%
300 Kacper Urbanski MF, FW 22 0 1
50%
204 Karol Linetty MF 28 0 0
50%
458 Keinan Davis MF, FW 8 1 0
50%
282 Kingsley Ehizibue DF, MF, FW 23 0 1
50%
404 Koffi Djidji DF 13 0 0
50%
283 Kristjan Asllani MF 23 1 2
50%
315 Lameck Banda MF, FW 21 2 4
50%
337 Leonardo Pavoletti FW 19 4 1
50%
565 Liam Henderson MF 1 0 0
50%
252 Lorenzo Colombo FW 25 4 1
50%
92 Loum Tchaouna MF, FW 33 4 3
50%
186 Luca Mazzitelli DF, MF 29 5 0
50%
316 Maduka Okoye GK 21 0 0
50%
269 Manuel Lazzari DF 24 0 2
50%
38 Marco Brescianini MF 36 4 2
50%
423 Marco Pellegrino DF 11 0 0
50%
363 Marco Silvestri GK 17 0 0
50%
475 Marco Sportiello GK 7 0 0
50%
118 Martin Erlic DF 32 1 0
50%
188 Martín Payero MF 29 2 2
50%
189 Mateo Retegui FW 29 7 2
50%
351 Matteo Gabbia DF 18 2 1
50%
517 Mattia Perin GK 3 0 0
50%
384 Mattia Viti DF 15 1 0
50%
434 Mirko Marić FW 10 1 0
50%
573 Niccolò Pisilli MF 1 0 0
50%
462 Nicolò Fagioli MF 8 0 2
50%
304 Patrick Ciurria DF, MF 22 0 1
50%
289 Pedro Pereira DF, FW 23 0 2
50%
305 Reinier MF, FW 22 2 2
50%
477 Renato Sanches MF 7 1 0
50%
161 Riccardo Calafiori DF 30 2 5
50%
104 Roberto Gagliardini DF, MF 33 1 2
50%
272 Samuel Chukwueze FW 24 1 3
50%
59 Samuele Birindelli DF 35 0 2
50%
232 Sebastian Walukiewicz DF 27 0 0
50%
586 Simone Verdi MF, FW 1 0 0
50%
332 Simon Kjær DF 20 0 1
50%
508 Stefano Sensi MF, FW 4 0 1
50%
258 Suat Serdar MF, FW 25 0 2
50%
127 Tommaso Augello DF 32 1 1
50%
233 Tommaso Baldanzi MF, FW 27 2 0
50%
151 Valentin Carboni DF, MF, FW 31 2 3
50%
128 Victor Bernth Kristiansen DF 32 0 3
50%
28 Walace MF 37 2 0
50%
377 Yann Aurel Bisseck DF, MF 16 2 0
50%
356 Yerry Mina DF 18 2 0
50%
357 Adam Obert DF, MF 17 0 0
33%
167 Adrien Tameze DF, MF 29 0 2
33%
216 Alberto Grassi DF, MF 27 0 1
33%
521 Antonio Mirante GK 2 0 0
33%
85 Arthur Melo MF 33 2 3
33%
453 Brenner MF, FW 8 0 0
33%
66 Caleb Okoli DF 34 0 1
33%
546 Carlo Pinsoglio GK 1 0 0
33%
522 Chaka Traorè DF, FW 2 1 0
33%
442 Christos Mandas GK 9 0 0
33%
346 Daniel Maldini MF, FW 18 4 1
33%
262 Danilo D'Ambrosio DF 24 0 0
33%
550 Davide Biraschi DF 1 1 0
33%
402 Davy Klaassen MF 13 0 0
33%
391 Dean Huijsen DF 14 2 0
33%
403 Edoardo Goldaniga DF 13 0 0
33%
297 Emil Holm DF 22 1 1
33%
484 Federico Ravaglia GK 6 0 0
33%
326 Gianluca Gaetano MF, FW 20 5 1
33%
221 Giulio Maggiore MF 27 4 2
33%
394 Giuseppe Caso DF, MF, FW 14 0 0
33%
395 Gvidas Gineitis MF 14 0 0
33%
447 Hamed Junior Traorè MF, FW 9 0 0
33%
457 Hans Nicolussi Caviglia MF 8 0 1
33%
374 Houssem Aouar MF, FW 16 4 0
33%
314 Ibrahim Sulemana MF 21 2 0
33%
265 Ilario Monterisi DF 24 2 2
33%
222 Isaac Success MF, FW 27 1 1
33%
238 Jackson Tchatchoua DF 26 0 2
33%
142 Jacopo Fazzini MF 31 1 1
33%
347 Jakub Jankto MF, FW 18 1 2
33%
336 Jean-Daniel Akpa-Akpro MF, FW 19 0 0
33%
250 Jeremy Toljan DF, MF 25 0 5
33%
470 Jérôme Boateng DF 7 0 0
33%
471 Jesper Karlsson MF, FW 7 0 0
33%
421 Josip Brekalo MF, FW 11 1 0
33%
299 Juan David Cabal DF 22 0 0
33%
225 Kevin Strootman MF 27 0 2
33%
473 Lautaro Gianetti DF 7 1 0
33%
226 Lorenzo Pirola DF 27 1 0
33%
206 Marcus Pedersen DF 28 0 2
33%
190 Mateusz Łęgowski MF 29 0 0
33%
41 Matteo Cancellieri DF, MF, FW 36 4 3
33%
242 Matteo Prati MF 26 1 1
33%
572 Mattia De Sciglio DF, MF 1 0 0
33%
383 Mattia Destro MF, FW 15 0 0
33%
397 M'Baye Niang MF, FW 14 6 1
33%
399 Natan DF 14 0 0
33%
244 Nicolas Viola MF, FW 26 5 2
33%
24 Nicolò Cambiaghi MF, FW 37 1 1
33%
288 Nikola Moro MF 23 1 0
33%
303 Norbert Gyömbér DF, MF 22 0 0
33%
578 Ola Solbakken MF, FW 1 0 0
33%
352 Oussama El Azzouzi MF 18 2 2
33%
255 Paulo Azzi DF, MF 25 0 0
33%
463 Pedro Obiang MF 8 0 0
33%
448 Perr Schuurs DF 9 1 0
33%
476 Pierluigi Gollini GK 7 0 0
33%
506 Pietro Comuzzo DF, FW 4 0 0
33%
159 Pontus Almqvist MF, FW 30 2 1
33%
342 Radu Drăgușin DF 19 2 1
33%
306 Riccardo Sottil DF, MF, FW 22 2 3
33%
245 Ruan DF 26 0 0
33%
273 Samuel Iling-Junior DF, MF, FW 24 1 2
33%
365 Tijjani Noslin MF, FW 17 5 4
33%
389 Tyronne Ebuehi DF 15 0 1
33%
366 Viktor Kovalenko MF 17 1 1
33%
260 Warren Bondo MF 25 1 1
33%
84 Youssef Maleh MF 34 0 1
33%
479 Alan Matturro DF 6 0 0
17%
408 Alberto Cerri FW 12 1 0
17%
511 Alejandro Jiménez DF 3 0 0
17%
133 Alexis Blin MF 31 0 2
17%
370 Anthony Oyono DF 16 0 1
17%
371 Arijon Ibrahimović DF, FW 16 1 1
17%
261 Bartosz Bereszyński DF 24 0 1
17%
400 Benoît Costil GK 13 0 0
17%
454 Chris Smalling DF 8 0 0
17%
247 Chukwubuikem Ikwuemesi FW 25 1 1
17%
294 Cristian Volpato MF, FW 22 1 0
17%
482 Davide Bartesaghi DF, MF 6 0 0
17%
333 Davide Faraoni DF, MF 19 0 2
17%
443 David Okereke MF, FW 9 0 0
17%
324 Demba Seck MF, FW 20 0 0
17%
372 Djed Spence DF, FW 16 0 0
17%
497 Dylan Bronn DF, MF 4 0 0
17%
551 Ebenezer Akinsanmiro MF 1 0 0
17%
373 Emanuele Valeri DF 16 0 1
17%
445 Emanuel Vignato DF, MF, FW 9 0 1
17%
361 Emil Bohinen MF 17 0 0
17%
392 Etrit Berisha GK 14 0 0
17%
264 Federico Bonazzoli MF, FW 24 3 1
17%
526 Federico Di Francesco DF, MF, FW 2 1 0
17%
362 Federico Fazio DF 17 1 0
17%
219 Francesco Gelli DF, MF 27 0 0
17%
554 Francesco Rossi GK 1 0 0
17%
456 George Pușcaș MF, FW 8 0 0
17%
220 Giovanni Fabbian MF, FW 27 5 2
17%
335 Giuseppe Pezzella DF, MF, FW 19 0 0
17%
201 Hamza Rafia MF 28 1 0
17%
53 Hassane Kamara DF 35 1 1
17%
495 Iron Gomis MF 5 0 0
17%
500 Jan-Carlo Simic DF 4 1 0
17%
514 João Costa MF, FW 3 0 0
17%
54 João Ferreira DF 35 0 1
17%
349 Junior Sambia DF, MF 18 1 2
17%
561 Kevin Miranda DF 1 0 0
17%
515 Kevin Zeroli MF 3 0 0
17%
459 Kostas Manolas DF 8 0 0
17%
516 Leander Dendoncker DF, MF 3 0 0
17%
563 Leonardo Cerri DF 1 0 0
17%
460 Luca Lipani MF 8 0 0
17%
503 Luka Romero MF, FW 4 0 0
17%
382 Matías Viña DF, FW 15 0 3
17%
571 Mattia Caldara DF 1 0 0
17%
490 Medon Berisha MF, FW 6 0 0
17%
76 Michael Folorunsho MF, FW 34 5 1
17%
243 Michael Kayode DF 26 1 1
17%
433 Michel Ndary Adopo DF, MF 10 0 1
17%
435 Nemanja Radonjić MF, FW 10 3 0
17%
518 Nicola Leali GK 3 0 0
17%
533 Nicolás Domínguez MF, FW 2 0 0
17%
575 Nicolas Haas MF 1 0 0
17%
386 Oier Zarraga MF 15 2 0
17%
505 Oliver Christensen GK 4 0 0
17%
536 Paul Pogba MF, FW 2 0 0
17%
256 Pol Lirola DF, MF, FW 25 2 1
17%
580 Raffaele Di Gennaro GK 1 0 0
17%
412 Riccardo Saponara MF, FW 12 0 0
17%
375 Ridgeciano Haps DF, MF, FW 16 0 1
17%
414 Saba Sazonov DF 12 0 0
17%
231 Samuele Mulattieri MF, FW 27 0 0
17%
438 Samuele Vignato MF, FW 10 1 0
17%
464 Santiago Castro FW 8 1 1
17%
424 Santiago Pierotti MF, FW 11 0 2
17%
425 Shon Weissman DF, FW 11 1 0
17%
387 Simeon Nwankwo FW 15 3 0
17%
450 Sydney van Hooijdonk FW 9 0 0
17%
407 Szymon Żurkowski MF 13 4 0
17%
440 Tajon Buchanan DF 10 1 0
17%
388 Toma Bašić MF 15 0 0
17%
509 Trivante Stewart MF, FW 4 0 0
17%
307 Uroš Račić MF 22 1 1
17%
510 Vincenzo Fiorillo GK 4 0 0
17%
452 Vitinha MF, FW 9 2 0
17%
344 Agustín Martegani MF 18 1 0
0%
478 Ahmed Touba DF 6 0 0
0%
539 Alessandro Dellavalle DF 1 0 0
0%
378 Alessandro Di Pardo DF, MF, FW 15 0 0
0%
467 Alessandro Sorrentino GK 7 0 0
0%
540 Alphadjo Cissè FW 1 0 0
0%
541 Andrea Ferraris MF 1 0 0
0%
542 Andrea Sodero MF 1 0 0
0%
520 Andres Sfait DF, MF 2 0 0
0%
543 Antonio Tikvić DF 1 0 0
0%
544 Axel Guessand DF 1 0 0
0%
480 Berkan Kutlu MF 6 0 0
0%
545 Beto FW 1 0 0
0%
468 Boris Radunović GK 7 0 0
0%
492 Brandon Soppy DF, MF 5 0 0
0%
427 Bruno Amione DF 10 0 0
0%
428 Carlos Alcaraz MF, FW 10 0 1
0%
523 Charlys MF 2 0 0
0%
547 Christos Papadopoulos FW 1 0 0
0%
390 Daniel Bandeira MF 14 0 0
0%
548 Daniele Sommariva GK 1 0 0
0%
481 David Akpan Ankeye FW 6 0 0
0%
549 Davide Bettella MF 1 0 0
0%
493 David Zima DF 5 0 0
0%
525 Domingos Quina MF, FW 2 0 0
0%
513 Elayis Tavsan MF, FW 3 0 0
0%
418 Emil Ceide MF, FW 11 0 0
0%
552 Emmanuel Ekong MF, FW 1 0 0
0%
469 Erik Botheim MF, FW 7 0 0
0%
429 Fabien Centonze DF 10 0 1
0%
483 Farés Ghedjemis MF, FW 6 0 0
0%
527 Filip Jagiełło MF 2 0 0
0%
455 Filippo Missori DF 8 0 0
0%
446 Filippo Ranocchia DF, MF 9 0 0
0%
334 Gabriel Strefezza DF, MF, FW 19 1 0
0%
485 Gaetano Castrovilli MF 6 1 2
0%
249 Gaetano Oristanio MF, FW 25 2 1
0%
555 Gennaro Borrelli FW 1 0 0
0%
556 Gerardo Fusco FW 1 0 0
0%
557 Giacomo Corona FW 1 0 0
0%
487 Gino Infantino MF 6 0 0
0%
494 Giorgi Kvernadze DF, FW 5 0 0
0%
488 Giorgio Cittadini DF 6 0 0
0%
529 Giovanni Bonfanti DF 2 0 0
0%
499 Giulio Donati DF, FW 4 0 0
0%
419 Jaime Báez DF, MF, FW 11 1 0
0%
558 Jeppe Corfitzen FW 1 0 0
0%
420 Jordi Mboula MF, FW 11 0 1
0%
530 Joseph Nonge MF 2 0 0
0%
502 Juan Cruz MF, FW 4 0 0
0%
559 Justin Kumi FW 1 0 0
0%
560 Karlo Lulić MF 1 0 0
0%
379 Karol Świderski MF, FW 15 2 0
0%
472 Kevin Bonifazi DF 7 0 0
0%
496 Kingstone Mutandwa MF, FW 5 1 0
0%
562 Lapo Nava GK 1 0 0
0%
564 Leonardo Mendicino MF 1 0 0
0%
531 Lorenzo Amatucci MF 2 0 0
0%
396 Lorenzo Venuti DF, MF 14 0 0
0%
410 Luca Garritano DF, MF, FW 12 0 0
0%
532 Luca Gemello GK 2 0 0
0%
566 Lucien Agoume MF 1 0 0
0%
567 Luigi Canotto FW 1 0 0
0%
474 Marash Kumbulla DF 7 0 0
0%
569 Marcin Listkowski MF, FW 1 0 0
0%
489 Marco Mancosu MF, FW 6 0 0
0%
570 Marley Aké MF, FW 1 0 0
0%
381 Martin Hongla MF 15 0 0
0%
301 Marvin Cuni FW 22 1 0
0%
504 Mateus Lusuardi DF 4 0 0
0%
339 Mateusz Wieteska DF 19 0 1
0%
241 Matteo Lovato DF 26 0 0
0%
432 Mehdi Bourabia MF 10 0 0
0%
461 Michele Cerofolini GK 8 0 0
0%
411 Niccolò Pierozzi DF 12 1 0
0%
574 Nicola Bagnolini GK 1 0 0
0%
253 Nicola Sansone MF, FW 25 2 2
0%
576 Nikita Contini Baranovsky GK 1 0 0
0%
577 Nikola Sekulov FW 1 0 0
0%
534 Pablo Galdames Millán MF 2 0 0
0%
405 Pantelis Hatzidiakos DF 13 0 0
0%
436 Pepín MF, FW 10 0 0
0%
579 Przemysław Szymiński MF 1 0 0
0%
581 Rareș-Cătălin Burnete FW 1 0 1
0%
537 Reda Belahyane MF 2 0 0
0%
406 Riccardo Marchizza DF 13 0 4
0%
507 Riccardo Pagano DF, MF 4 0 0
0%
413 Rúben Vinagre DF, MF, FW 12 0 0
0%
364 Samu Castillejo MF, FW 17 0 0
0%
582 Samuele Perisan GK 1 0 0
0%
519 Seydou Fini DF, FW 3 0 0
0%
491 Silvan Hefti DF, MF 6 0 0
0%
583 Simone Aresti GK 1 0 0
0%
584 Simone Pafundi MF, FW 1 0 0
0%
585 Simone Perilli GK 1 0 0
0%
439 Stefan Mitrović MF, FW 10 0 0
0%
124 Stefano Sabelli DF 32 0 1
0%
415 Steven Shpendi MF, FW 12 0 1
0%
355 Thomas Henry FW 18 3 0
0%
587 Tiago Djaló DF 1 0 0
0%
451 Tommaso Corazza DF 9 0 0
0%
588 Tommaso Martinelli GK 1 0 0
0%
466 Triantafyllos Pasaridīs DF 8 0 0
0%
589 Vivaldo Semedo MF, FW 1 0 0
0%
441 Yann Karamoh MF, FW 10 0 0
0%
590 Yayah Kallon MF, FW 1 0 0
0%
538 Zanos Savva DF, MF 2 1 0
0%
No matching quizzes found
Score Distribution
Percent of People with Each Score
Percentile by Number Answered
Your Score History
You have not taken this quiz